| 000 | 00999nam a2200289 a 4500 | ||
|---|---|---|---|
| 001 | 12743 | ||
| 003 | BD-JhCC | ||
| 005 | 20230510095430.0 | ||
| 007 | ta | ||
| 008 | 230510e20142010xxk j |||||||0|f eng|d | ||
| 020 | _a9789351033134 | ||
| 035 | _a(UK-WkNB)9781910002490 | ||
| 035 | _a(BD-JhCC)12743 | ||
| 040 |
_aUK-WkNB _beng _cUK-WkNB _dBD-JhCC |
||
| 049 | _aCROBAR | ||
| 082 | 0 | 4 |
_a813.6 _bDAS 2014 |
| 100 | 1 |
_aDashner, James, _d1972- |
|
| 245 | 1 | 4 |
_aThe maze runner / _cJames Dashner. |
| 260 |
_aSomerset : _bChicken House Ltd : _b[distributor] HarperCollins Distribution Services : _b[distributor] Scholastic Australia Pty Ltd : _b[distributor] Scholastic New Zealand Limited : _b[distributor] Juta & Company Ltd, _c2014. |
||
| 300 |
_a371 p. ; _c20x13 cm. |
||
| 366 |
_b20141002 _cIP 20141003 _fASCHO001 _jGB _kxxk _mHarperCollins Distribution Services _2UK-WkNB |
||
| 500 | _aHardback. | ||
| 500 | _aSlip-cased. | ||
| 650 | _aCooperativeness | ||
| 650 | _aScience fiction | ||
| 942 |
_2ddc _cBK |
||
| 999 |
_c12743 _d12743 |
||